Language Quiz

Random Language or Letter Quiz

Aa to Az in 5 Letters Quiz Stats

 Plays Quiz Updated Nov 21, 2018

     
Support Sporcle.
Go Orange.
Score 0/26 Timer 05:00
1 Play Today
Starts with... Answer % Correct
AcAcorn
97.3%
AoAorta
91.5%
ArArson
90.6%
AwAward
90.6%
AzAztec
90%
ApApple
88.3%
AuAudit
84.9%
AbAbort
84.9%
AaAaron
84.8%
AhAhead
82.1%
AtAtari
81.2%
AlAloha
80.2%
AnAndes
80.1%
Starts with... Answer % Correct
AeAesop
78.1%
AsAstro
75.9%
AvAvian
75.2%
AgAgent
73.5%
AfAffix
67.8%
AdAdobe
66.1%
AmAmber
64.1%
AxAxiom
58.9%
AiAisle
47.2%
AyAyers
39.7%
AqAquos
35.9%
AkAkbar
22.6%
AjAjira
13.6%

From the Vault

Biography: I-J

by MSUKent

History 6m
None of them have the initials I.J., though.
Remove Ads.
Support Sporcle.
Get the best of Sporcle when you Go Orange. This ad-free experience offers more features, more stats, and more fun while also helping to support Sporcle. Thank you for becoming a member.

Show Comments

Extras

Top Quizzes Today


Score Distribution

Your Account Isn't Verified!

In order to create a playlist on Sporcle, you need to verify the email address you used during registration. Go to your Sporcle Settings to finish the process.

Report this User

Report this user for behavior that violates our Community Guidelines.

Details: